000 00422nam a2200157Ia 4500
003 GCL
008 140319s9999 xx 000 0 eng d
040 _aGCL /
_cGCL
082 0 4 _a320.12
_bS A
100 1 _aSHORT, JOHN RENNIE
245 1 0 _aAN INTRODUCTION TO POLITICAL GEOGROPHY /
_cSHORT, JOHN RENNIE
260 _a[S.N] :
_bROUTLEDGE ،
_c1993
300 _a178 PP
650 0 4 _aPOLITICAL GEOGRAPHY
942 _2ddc
_cBK
999 _c22363
_d22363